| 000 -LEADER |
| fixed length control field |
00726nam a2200205Ia 4500 |
| 020 ## - INTERNATIONAL STANDARD BOOK NUMBER |
| ISBN |
9712201120 |
| 040 ## - CATALOGING SOURCE |
| Transcribing agency |
AGL |
| 082 ## - DEWEY DECIMAL CLASSIFICATION NUMBER |
| Classification number |
633 INT 2000 A041 Or. |
| 245 04 - TITLE STATEMENT |
| Title |
The quest for nitrogen fixation in rice / |
| 260 ## - PUBLICATION, DISTRIBUTION, ETC. (IMPRINT) |
| Place of publication |
Los Ba©łos, Philippines : |
| Name of publisher |
International Rice Research Institute, |
| Year of publication |
2000 |
| 300 ## - PHYSICAL DESCRIPTION |
| Number of Pages |
ix, 354 p. : |
| Other physical details |
ill. (some col.) ; |
| Dimensions |
23 cm |
| 500 ## - GENERAL NOTE |
| General note |
"Proceedings of the Third Working Group Meeting on Assessing Opportunities for Nitrogen Fixation in Rice, 9-12 Aug. 1999, Los Ba©łos, Laguna, Philippines"--T.p. verso." |
| 650 #0 - SUBJECT ADDED ENTRY--TOPICAL TERM |
| Topical Term |
Nitrogen |
| 650 #0 - SUBJECT ADDED ENTRY--TOPICAL TERM |
| Topical Term |
Rice |
| 650 #0 - SUBJECT ADDED ENTRY--TOPICAL TERM |
| Topical Term |
Nitrogen fertilizers |
| 650 #0 - SUBJECT ADDED ENTRY--TOPICAL TERM |
| Topical Term |
Nitrifying bacteria |
| 700 1# - ADDED ENTRY--PERSONAL NAME |
| Personal name |
Ladha, J. K. |
| 700 1# - ADDED ENTRY--PERSONAL NAME |
| Personal name |
Reddy, P. M |
| 942 ## - ADDED ENTRY ELEMENTS (KOHA) |
| Koha item type |
សៀវភៅភាសាអង់គ្លេស |
| 952 ## - LOCATION AND ITEM INFORMATION (KOHA) |
| Withdrawn status [LOCAL, KOHA] |
0 |